000 00457nam a2200181Ia 4500
001 9097
005 20260306160658.0
008 260306t2016||||xx |||||||||||||| ||spa||
041 _aESP
082 _a372.623
_bC32
100 _aCassany, Daniel
_eAUT
245 0 _aReparar la escritura:
_bdidáctica de la corrección de lo escrito
260 _c2016
300 _a129 páginas :
_c23 cm.
650 _aGEN
654 _aCED
942 _cLIB
_dJUS
_fJUS
_2ddc
_n
999 _c9097
_d9097